Essex Places - Sudden Death - Statistics

General Stats
  • This quiz has been taken 112 times
  • The average score is 12 of 16
Answers on the Grid
Answers color-coded by a green-red scale on the quiz's grid according to % correct below.
Basildon
Basingstoke
Billericay
Blackburn
Braintree
Brightlingsea
Burnham-on-Crouch
Buxton
Chelmsford
Clacton-on-Sea
Colchester
Gateshead
Harlow
Harwich
Hastings
Hunstanton
Ipswich
Leighton Buzzard
Lowestoft
Maldon
Margate
Market Drayton
Rayleigh
Ripon
Saffron Walden
Skegness
Southend-on-Sea
Stansted Mountfitchet
Trowbridge
Walton-on-the-Naze
Watford
Worksop
 
Answer Stats
Answer % Correct
Clacton-on-Sea
90%
Colchester
85%
Braintree
84%
Chelmsford
84%
Southend-on-Sea
82%
Basildon
81%
Billericay
79%
Maldon
77%
Harlow
74%
Saffron Walden
73%
Rayleigh
67%
Walton-on-the-Naze
67%
Harwich
60%
Brightlingsea
56%
Burnham-on-Crouch
55%
Stansted Mountfitchet
55%
No matching quizzes found
Score Distribution
Percent of People with Each Score
Percentile by Number Answered
Your Score History
You have not taken this quiz